LEADER 00700nam a2200169 i 4500 001 000000025445 003 CaOOAMICUS 005 20180830125447.0 008 180830s1981 it u000 u ita u 040 $aSeMil$bita 245 10$aStagione d'opera e balletto 1981-82. 260 $aMilano :$bEdizioni del Teatro alla Scala,$c1981-1982. 300 $av. ;$c24 cm. 710 0 $aTeatro alla Scala .$0(OLS)http://semarc/name/4107 774 0 $aWagner, Richard <1813-1883>$tLohengrin.$dMilano : Edizioni della Scala, 1981.$w()206024 996 $6245$aStagione d'opera e balletto 1981-82$9(OLS)http://semarc/title/34272 996 $6260$aMilano :$bEdizioni del Teatro alla Scala$9(OLS)http://semarc/publisher/36461 LEADER 01063nam a2200229 i 4500 001 000000063757 003 CaOOAMICUS 005 20210422092358.0 008 130314s1893 gw u000 u lat u 013 $a34929 040 $aSeMil$bita 100 1 $aAlbertus : Magnus,$c.$0(OLS)http://semarc/name/930 245 10$aBeati Alberti Magni episcopi ratisbonensis De sacrosancto corporis Domini sacramento Sermones /$caccurate recogniti per Georgium Jacob. 260 $aRatisbonae :$bF. Pustet,$c1893. 300 $aXIV, 272 p., [1] c. di tav. ;$c24 cm. 650 4$aEucaristia - Teologia - Testi.$0(OLS)http://semarc/subject/5695 700 1 $aJacob, Georg.$0(OLS)http://semarc/name/32228 850 $aSeMil 852 $aSeMil$W1$xVenegono$y1$m2B V 26 FA$j29910$B29910$CSeMilBibl$Z2$F29913 $8I 996 $6245$aBeati Alberti Magni episcopi ratisbonensis De sacrosancto corporis Domini sacramento Sermones$9(OLS)http://semarc/title/100791 996 $6260$aRatisbonae :$bF. Pustet$9(OLS)http://semarc/publisher/42486